[Event "Cto. Navarra Absoluto Individual 2019"]
[Site "Pamplona"]
[Date "2019.04.13"]
[Round "1"]
[White "Narciso Dublan, Marc"]
[Black "Roldan Marques, Marta"]
[Result "1/2-1/2"]
[EventDate "2019.04.??"]
[EventCountry "ESP"]
[EventType "swiss"]
[EventRounds "7"]
[WhiteElo "2491"]
[BlackElo "1808"]
[Source "FNA"]
[SourceDate "2019.04.21"]
[SourceTitle "FNA"]

1.e4 e5 2.Nf3 Nc6 3.d4 exd4 4.Nxd4 Bc5 5.Nxc6 Qf6 6.Qf3 Qxf3 7.gxf3 bxc6 8.Nd2
Ne7 9.Nb3 Bb6 10.a4 a5 11.Be3 f5 12.Bxb6 cxb6 13.O-O-O O-O 14.Bc4 Kh8 15.e5 Ng6
16.Rhe1 Nh4 17.Nd4 Ng2 18.Rg1 Nf4 19.Ne2 Nxe2 20.Bxe2 f4 21.Rd4 Rf5 22.e6 d5
23.Bd3 Rf6 24.Rg4 Bxe6 25.Rh4 g6 26.Rdxf4 Raf8 27.Rxf6 Rxf6 28.f4 Kg7 29.Kd2 Bd7
30.c3 Be6 31.b4 Bd7 32.bxa5 bxa5 33.c4 dxc4 34.Bc2 c5 35.Kc3 Be6 36.Bd1 Rf7
37.Bc2 Rf6 38.Bd1 Rf7 39.Bc2 Rf6 1/2-1/2

[Event "Cto. Navarra Absoluto Individual 2019"]
[Site "Pamplona"]
[Date "2019.04.13"]
[Round "1"]
[White "Garraza Obaldia, Esteban"]
[Black "Huerga Leache, Mikel"]
[Result "0-1"]
[EventDate "2019.04.??"]
[EventCountry "ESP"]
[EventType "swiss"]
[EventRounds "7"]
[WhiteElo "1803"]
[BlackElo "2448"]
[Source "FNA"]
[SourceDate "2019.04.21"]
[SourceTitle "FNA"]

1.e4 c5 2.Nf3 Nc6 3.d4 cxd4 4.Nxd4 Nf6 5.Nc3 d6 6.Bg5 e6 7.f4 Qb6 8.Nb3 h6
9.Bxf6 gxf6 10.Qf3 Bd7 11.O-O-O O-O-O 12.Nb5 Be8 13.Na3 h5 14.Nc4 Qc7 15.Kb1 h4
16.Qh3 Kb8 17.f5 Bd7 18.g4 Bc8 19.Qf3 Be7 20.h3 b6 21.Nd4 Nxd4 22.Rxd4 Bb7
23.Nd2 d5 24.Bg2 dxe4 25.Rxd8 Rxd8 26.Qe2 e3 27.Nb3 Bxg2 28.Qxg2 Qb7 29.Qxb7
Kxb7 30.fxe6 e2 31.Kc1 f5 32.exf7 Bg5 33.Kb1 Rd1 34.Nc1 Rxh1 35.a3 Rxc1 36.Ka2
Be7 0-1

[Event "Cto. Navarra Absoluto Individual 2019"]
[Site "Pamplona"]
[Date "2019.04.13"]
[Round "1"]
[White "Zaratiegui Cardesa, Jose"]
[Black "Roldan Marques, Daniel"]
[Result "0-1"]
[EventDate "2019.04.??"]
[EventCountry "ESP"]
[EventType "swiss"]
[EventRounds "7"]
[WhiteElo "1731"]
[BlackElo "2171"]
[Source "FNA"]
[SourceDate "2019.04.21"]
[SourceTitle "FNA"]

1.c4 e5 2.g3 Nf6 3.Nc3 c6 4.Bg2 d5 5.cxd5 cxd5 6.d3 Nc6 7.Bg5 Be6 8.Bxf6 gxf6
9.Nf3 Be7 10.O-O h5 11.e4 d4 12.Nd5 Qd7 13.Nh4 O-O-O 14.Rc1 Kb8 15.Qa4 Bxd5
16.exd5 Nb4 17.Qxd7 Rxd7 18.Bh3 Rdd8 19.Nf5 Bd6 20.a3 Nxd5 21.Rc2 Nc7 22.Rfc1
Ne6 23.Kf1 a6 24.Rc4 Ka7 25.Bg2 Rd7 26.h4 Bc7 27.b4 Bb6 28.Be4 Nc7 29.a4 a5
30.bxa5 Bxa5 31.Rb1 Ne6 32.Rb5 Bc3 33.Rd5 Rxd5 34.Bxd5 Kb6 35.Bxe6 fxe6 36.Ng7
Rh7 37.Nxe6 Ka5 38.f4 Bb4 39.fxe5 fxe5 40.Ng5 Re7 41.Ke2 Kxa4 42.Ne4 b5 43.Rc8
Ba5 44.Nc5 Kb4 45.Kd1 Ra7 46.Ne4 Ka3 47.Rc5 b4 48.Nd2 b3 49.Nc4 Kb4 50.Rxe5 Bc7
51.Rxh5 Ra1 52.Ke2 Bxg3 53.Kf3 Rg1 54.Rh7 Kc3 55.h5 Kxd3 56.Nb2 Kc2 57.Na4 b2
58.Nxb2 Kxb2 59.Rd7 Kc3 60.h6 Rh1 61.Kxg3 Rxh6 62.Rc7 Kd2 63.Kf3 d3 64.Kf2 Kd1
65.Kf1 d2 66.Kf2 Rf6 67.Kg2 Rf5 68.Rc8 Ke2 69.Re8 Kd3 70.Rd8 Ke3 71.Kg1 Rf4
72.Kg2 Rd4 0-1

[Event "Cto. Navarra Absoluto Individual 2019"]
[Site "Pamplona"]
[Date "2019.04.13"]
[Round "1"]
[White "Sevilla Subiza, Javier"]
[Black "Pascual Garcia, Martin"]
[Result "1-0"]
[EventDate "2019.04.??"]
[EventCountry "ESP"]
[EventType "swiss"]
[EventRounds "7"]
[WhiteElo "2087"]
[BlackElo "1727"]
[Source "FNA"]
[SourceDate "2019.04.21"]
[SourceTitle "FNA"]

1.d4 Nf6 2.Bg5 c5 3.d5 g6 4.Nc3 d6 5.e4 Bg7 6.Be2 O-O 7.Nf3 b5 8.Bxb5 Nxe4
9.Nxe4 Qa5 10.Nc3 Bxc3 11.bxc3 Qxb5 12.Qd3 Ba6 13.Qxb5 Bxb5 14.Nd2 c4 15.O-O f6
16.Be3 Na6 17.a4 Bd7 18.Rfb1 Rfb8 19.a5 Bb5 20.Nf3 Nc7 21.Nd4 a6 22.Nxb5 axb5
23.Rd1 Ra6 24.h4 b4 25.cxb4 Rxb4 26.Rd4 Rb5 27.Rxc4 Nxd5 28.Rc8 Kf7 29.c4 Rbxa5
30.Rxa5 Rxa5 31.cxd5 Rxd5 32.g4 h5 33.f3 Kg7 34.Kf2 Rd1 35.Kg3 Re1 36.Bf2 Re5
37.Bd4 Rd5 38.Be3 {ilegible.} 1-0

[Event "Cto. Navarra Absoluto Individual 2019"]
[Site "Pamplona"]
[Date "2019.04.13"]
[Round "1"]
[White "Martinez Zazo, Jesus"]
[Black "Habans Aguerrea, Javier"]
[Result "0-1"]
[EventDate "2019.04.??"]
[EventCountry "ESP"]
[EventType "swiss"]
[EventRounds "7"]
[WhiteElo "1680"]
[BlackElo "2057"]
[Source "FNA"]
[SourceDate "2019.04.21"]
[SourceTitle "FNA"]

1.g3 d5 2.Bg2 Nf6 3.Nf3 e6 4.O-O c5 5.c4 Nc6 6.cxd5 exd5 7.d3 Bd6 8.Bg5 O-O
9.Nc3 Be7 10.Re1 h6 11.Bf4 d4 12.Nb1 Nd5 13.e4 dxe3 14.Bxe3 Ndb4 15.d4 Bf6 16.a3
cxd4 17.Bxh6 Nd5 18.Bc1 Bf5 19.Nbd2 Qd7 20.Nb3 Rfe8 21.Bg5 d3 22.Bxf6 Nxf6
23.Qd2 Rad8 24.Rxe8 Rxe8 25.Re1 Rc8 26.Rc1 Rd8 27.Qf4 Bg6 28.Nfd2 Nd5 29.Qg5 Nf6
30.Qc5 Qe8 31.Qe3 Qf8 32.Nc5 Nd4 33.Nxd3 Ng4 34.Qg5 Bxd3 35.Bf3 Nxf3 36.Nxf3 Nf6
37.Qh4 Be4 38.Ng5 Bg6 39.Rc7 Qd6 40.Rxb7 Qd1 0-1

[Event "Cto. Navarra Absoluto Individual 2019"]
[Site "Pamplona"]
[Date "2019.04.13"]
[Round "1"]
[White "Huarte Zozaya, Aitor"]
[Black "Oyaga Valencia, Jesus Maria"]
[Result "1-0"]
[EventDate "2019.04.??"]
[EventCountry "ESP"]
[EventType "swiss"]
[EventRounds "7"]
[WhiteElo "2031"]
[BlackElo "1650"]
[Source "FNA"]
[SourceDate "2019.04.21"]
[SourceTitle "FNA"]

1.e4 e6 2.d4 d5 3.Bd3 c5 4.exd5 exd5 5.Nf3 c4 6.Be2 Nf6 7.O-O Be7 8.b3 cxb3
9.axb3 O-O 10.c4 Nc6 11.Nc3 Bg4 12.Be3 h6 13.h3 Bh5 14.Ne5 Bxe2 15.Nxe2 Bd6
16.Nxc6 bxc6 17.c5 Be7 18.Ra6 Qc8 19.Qa1 Qb7 20.Qa4 Rfc8 21.Ra1 Bf8 22.Nc1 g5
23.Rxa7 Rxa7 24.Qxa7 Qxa7 25.Rxa7 Bg7 26.f3 Ne8 27.Ra6 Nc7 28.Rxc6 1-0

[Event "Cto. Navarra Absoluto Individual 2019"]
[Site "Pamplona"]
[Date "2019.04.13"]
[Round "1"]
[White "Santos Usua, Mikel"]
[Black "Abrisqueta Zudaire, Leyre"]
[Result "0-1"]
[EventDate "2019.04.??"]
[EventCountry "ESP"]
[EventType "swiss"]
[EventRounds "7"]
[WhiteElo "1580"]
[BlackElo "2023"]
[Source "FNA"]
[SourceDate "2019.04.21"]
[SourceTitle "FNA"]

1.d4 d5 2.Bf4 Nf6 3.e3 Bg4 4.Qc1 e6 5.Nd2 Bd6 6.Bg3 Qe7 7.Ngf3 Nbd7 8.Ne5 Bxe5
9.dxe5 Nh5 10.Bf4 Nxf4 11.exf4 f6 12.h3 Bh5 13.exf6 Qxf6 14.Nb3 O-O 15.Qe3 Rae8
16.Qxa7 Nb6 17.Qa5 Qxf4 18.Qd2 Qe4 19.Qe3 Qxe3 20.fxe3 Rf6 21.Bd3 Ref8 22.Nc5 e5
23.g4 Be8 24.Nxb7 Rf3 25.Kd2 Rf2 26.Ke1 e4 27.Be2 Rg2 28.Nc5 Rg3 29.Kd2 Rf2
30.Ke1 Rfg2 31.Kf1 Kf7 32.a4 Bc6 33.b3 d4 34.a5 Nd5 35.Bc4 dxe3 36.Nxe4 e2
37.Ke1 Rg1 38.Kxe2 Rxh1 39.Rxh1 Re3 40.Kd2 Rxe4 41.Kd3 Rf4 42.b4 Kf6 43.b5 Nb4
44.Kc3 Bxh1 45.Kxb4 Bd5 46.Kc5 Bxc4 47.a6 Bf1 48.a7 Ra4 49.b6 cxb6 50.Kxb6 Bg2
51.c3 Ba8 52.Kc7 Rxa7 0-1

[Event "Cto. Navarra Absoluto Individual 2019"]
[Site "Pamplona"]
[Date "2019.04.13"]
[Round "1"]
[White "Aldave Aguado, Adrian"]
[Black "Iturralde Olcoz, Sergio"]
[Result "1-0"]
[EventDate "2019.04.??"]
[EventCountry "ESP"]
[EventType "swiss"]
[EventRounds "7"]
[WhiteElo "1945"]
[BlackElo "1531"]
[Source "FNA"]
[SourceDate "2019.04.21"]
[SourceTitle "FNA"]

1.d4 Nf6 2.c4 e6 3.Nc3 d5 4.cxd5 exd5 5.Bg5 c6 6.e3 Be7 7.Qc2 h6 8.Bh4 Ne4
9.Bxe7 Qxe7 10.Nxd5 cxd5 11.Qxc8 Qd8 12.Qxd8 Kxd8 13.Bd3 Nd6 14.Ne2 Nc6 15.Rc1
Nb4 16.Bb1 Nc4 17.a3 Nc6 18.Rc2 Re8 19.Ba2 Nb6 20.O-O Rc8 21.Nf4 Ne7 22.Rfc1 Kd7
23.Nd3 Rxc2 24.Rxc2 Nc6 25.b4 a6 26.Bb3 Kd6 27.g3 Nd7 28.Kg2 b5 29.a4 Nb6
30.axb5 axb5 31.Rc5 Nc4 32.Nf4 Nxb4 33.Rxb5 Na6 34.Rxd5 1-0

[Event "Cto. Navarra Absoluto Individual 2019"]
[Site "Pamplona"]
[Date "2019.04.13"]
[Round "1"]
[White "Oroz Carrasco, Adrian"]
[Black "Cemborain Oricain, Alfonso"]
[Result "1/2-1/2"]
[EventDate "2019.04.??"]
[EventCountry "ESP"]
[EventType "swiss"]
[EventRounds "7"]
[WhiteElo "1506"]
[BlackElo "1930"]
[Source "FNA"]
[SourceDate "2019.04.21"]
[SourceTitle "FNA"]

1.d4 d5 2.Bf4 c5 3.c3 Nc6 4.Nf3 Nf6 5.Nbd2 Qb6 6.Qb3 c4 7.Qc2 e6 8.b3 cxb3
9.axb3 Bd7 10.e3 Rc8 11.Qb2 Nh5 12.Bg3 Nxg3 13.hxg3 Bd6 14.c4 Be7 15.c5 Qc7
16.b4 a6 17.Bd3 h6 18.b5 axb5 19.Bxb5 Bf6 20.e4 O-O 21.O-O Nxd4 22.Nxd4 Bxd4
23.Qxd4 Bxb5 24.Rfc1 Bc6 25.e5 Ra8 26.f4 Ra5 27.Rxa5 Qxa5 28.Ra1 Qc7 29.Qb4 Rc8
30.Nb3 Bd7 31.Ra7 Bc6 32.Kh2 f6 33.exf6 gxf6 34.Nd4 e5 35.Nf5 exf4 36.Qxf4 Qxf4
37.gxf4 Kh7 38.Nd4 Kg6 39.Kg3 Re8 40.f5 Kh5 41.Ne6 Rg8 42.Kh3 d4 43.g3 d3 44.Ra2
Bf3 45.Rh2 d2 46.Rxd2 Bg4 47.Kh2 Bxf5 48.Rd5 Kg6 49.Nf4 Kg5 50.Nh3 Kg6 51.Nf4
Kg5 52.Nh3 1/2-1/2

[Event "Cto. Navarra Absoluto Individual 2019"]
[Site "Pamplona"]
[Date "2019.04.13"]
[Round "1"]
[White "Ruiz Escobar, Rafael"]
[Black "Leone Amigot, Haymar"]
[Result "1-0"]
[EventDate "2019.04.??"]
[EventCountry "ESP"]
[EventType "swiss"]
[EventRounds "7"]
[WhiteElo "1921"]
[BlackElo "1497"]
[Source "FNA"]
[SourceDate "2019.04.21"]
[SourceTitle "FNA"]

1.Nf3 d5 2.d4 Nf6 3.c4 e6 4.Nc3 Nc6 5.Bg5 Be7 6.e3 h6 7.Bh4 O-O 8.Bd3 Nb4 9.Be2
b6 10.a3 Nc6 11.Rc1 Bb7 12.cxd5 Nxd5 13.Bg3 Nxc3 14.Rxc3 Bd6 15.Qc2 Ne7 16.e4 c6
17.Bxd6 Qxd6 18.O-O Ng6 19.Rd1 Rfd8 20.g3 Qc7 21.h4 Rac8 22.b4 f6 23.Bc4 c5
24.bxc5 bxc5 25.Qa2 Nf8 26.d5 Rd6 27.Rd2 Kh8 28.Re3 e5 29.Rb2 Rb6 30.Reb3 Nd7
31.a4 Rb4 32.a5 Rb8 33.Nd2 Bc8 34.Rc2 Qd6 35.Rbc3 Ba6 36.Kg2 Bb5 37.Bxb5 R8xb5
38.Nc4 Qa6 39.d6 Rb1 40.Rc1 Rxc1 41.Rxc1 Rb4 42.Qc2 Qc6 43.Qe2 Nf8 44.Qg4 Qd7
45.Qf3 Ne6 46.Qf5 Nf8 47.Qh5 Kg8 48.Qd1 Qc6 49.f3 Qa4 50.Qd5 Kh8 51.Qxc5 Rb7
52.h5 Qd7 53.a6 Rb8 54.Qd5 Rc8 55.g4 Ne6 56.Qb7 Nc5 57.Qxd7 Nxd7 58.Rc2 Kg8
59.Ne3 Rxc2 60.Nxc2 Kf7 61.Nb4 Nc5 62.Nc6 Nxa6 63.d7 1-0

[Event "Cto. Navarra Absoluto Individual 2019"]
[Site "Pamplona"]
[Date "2019.04.13"]
[Round "1"]
[White "Fuentes Guinot, Alejandro"]
[Black "Del Carmen Hernandez, Aimer"]
[Result "1/2-1/2"]
[EventDate "2019.04.??"]
[EventCountry "ESP"]
[EventType "swiss"]
[EventRounds "7"]
[WhiteElo "1457"]
[BlackElo "1895"]
[Source "FNA"]
[SourceDate "2019.04.21"]
[SourceTitle "FNA"]

1.d4 Nf6 2.Bf4 d5 3.e3 e6 4.c3 c5 5.Nd2 Nc6 6.Bd3 b6 7.Bb5 Bd7 8.Ngf3 Nb8 9.Bd3
Nc6 10.h3 Be7 11.Ne5 O-O 12.Bh2 Ne8 13.Qh5 g6 14.Qg4 f5 15.Qe2 Nd6 16.Nxc6 Bxc6
17.Bxd6 Bxd6 18.f4 Rb8 19.Nf3 b5 20.h4 h5 21.dxc5 Bxc5 22.Ne5 Be8 23.Rd1 Bd6
24.Nf3 a6 25.g3 Qf6 26.Bc2 Bc6 27.Bb3 Rbd8 28.Kf2 Rfe8 29.Qd2 Kg7 30.Rhe1 Ba8
31.Qd3 Bc7 32.Qf1 e5 33.Re2 exf4 34.exf4 Bb6 35.Nd4 Re4 36.Red2 Rde8 37.Bc2 Bxd4
38.cxd4 R4e7 39.Bb3 Qe6 40.Qd3 Qe4 41.Qxe4 dxe4 42.Ke3 Rd8 43.d5 Rd6 44.Kd4 Kf6
45.Ke3 Rc7 46.Rd4 a5 47.a3 Rc5 48.Ba2 Bb7 49.R4d2 Rc7 50.Rd4 Rc5 1/2-1/2

[Event "Cto. Navarra Absoluto Individual 2019"]
[Site "Pamplona"]
[Date "2019.04.13"]
[Round "1"]
[White "Ortin Blanco, Ainhoa"]
[Black "Diaz Redondo, Isidro"]
[Result "1-0"]
[EventDate "2019.04.??"]
[EventCountry "ESP"]
[EventType "swiss"]
[EventRounds "7"]
[WhiteElo "1861"]
[BlackElo "1456"]
[Source "FNA"]
[SourceDate "2019.04.21"]
[SourceTitle "FNA"]

1.d4 d5 2.c4 e6 3.Nc3 Bb4 4.a3 Bxc3 5.bxc3 b6 6.e4 dxe4 7.Qg4 Qf6 8.Qxe4 c6
9.Bd3 h6 10.Bf4 Ne7 11.Be5 Qf5 12.Qe2 Qg5 13.f4 1-0

[Event "Cto. Navarra Absoluto Individual 2019"]
[Site "Pamplona"]
[Date "2019.04.13"]
[Round "1"]
[White "Aguinaga Garijo, Daniel"]
[Black "Malon Insausti, Andres"]
[Result "0-1"]
[EventDate "2019.04.??"]
[EventCountry "ESP"]
[EventType "swiss"]
[EventRounds "7"]
[WhiteElo "1433"]
[BlackElo "1854"]
[Source "FNA"]
[SourceDate "2019.04.21"]
[SourceTitle "FNA"]

1.e4 c5 2.Nf3 e6 3.d4 cxd4 4.Nxd4 Nc6 5.Nc3 Qc7 6.Ndb5 Qb8 7.g3 a6 8.Nd4 Nf6
9.Bg2 Bc5 10.Nb3 Ba7 11.Qe2 O-O 12.Be3 b5 13.Bxa7 Rxa7 14.O-O b4 15.Nd1 a5
16.Qe3 a4 17.Nd4 Ne5 18.b3 axb3 19.cxb3 Ba6 20.Re1 Nd3 21.Re2 h6 22.Rd2 Ng4
23.Qe2 Nge5 24.Qh5 Qb6 25.Nf3 Nc6 26.Bf1 Nc5 27.Bxa6 Rxa6 28.g4 Nxe4 29.Rxd7 Nf6
0-1

[Event "Cto. Navarra Absoluto Individual 2019"]
[Site "Pamplona"]
[Date "2019.04.13"]
[Round "1"]
[White "Garralda Ruiz, Ander"]
[Black "Abrisqueta Zudaire, Ines"]
[Result "1-0"]
[EventDate "2019.04.??"]
[EventCountry "ESP"]
[EventType "swiss"]
[EventRounds "7"]
[WhiteElo "1811"]
[BlackElo "1371"]
[Source "FNA"]
[SourceDate "2019.04.21"]
[SourceTitle "FNA"]

1.d4 d5 2.Bf4 Nf6 3.e3 e6 4.Nf3 c5 5.c3 Qb6 6.Qb3 c4 7.Qc2 Bd6 8.Bxd6 Qxd6
9.Nbd2 Bd7 10.e4 Qc7 11.Be2 O-O 12.e5 Ne8 13.Ng5 g6 14.h4 h6 15.h5 Qd8 16.Nh3
Kg7 17.Nf3 f5 18.hxg6 Kxg6 19.Nf4 Kg7 20.O-O-O Qa5 21.Kb1 Ba4 22.Nxe6 Kg8 23.Qd2
Qb5 24.Qxh6 1-0

[Event "Cto. Navarra Absoluto Individual 2019"]
[Site "Pamplona"]
[Date "2019.04.13"]
[Round "1"]
[White "Ayucar Nunez, Inigo"]
[Black "Rodriguez Montes, Carlos"]
[Result "1-0"]
[EventDate "2019.04.??"]
[EventCountry "ESP"]
[EventType "swiss"]
[EventRounds "7"]
[WhiteElo "1248"]
[BlackElo "1810"]
[Source "FNA"]
[SourceDate "2019.04.21"]
[SourceTitle "FNA"]

1.e4 c5 2.Nc3 e6 3.Bc4 Nc6 4.a4 g6 5.d3 Bg7 6.Nge2 Nge7 7.O-O O-O 8.Ng3 Ne5
9.Ba2 N7c6 10.f4 Qh4 11.Nce2 Ng4 12.h3 Nh6 13.f5 Be5 14.f6 Kh8 15.c3 Ng8 16.Rf3
g5 17.Qf1 Nh6 18.Be3 Rg8 19.d4 cxd4 20.cxd4 g4 21.Bxh6 Qxh6 22.Rd3 Nb4 23.Rc3
Nxa2 24.Rxa2 Bxf6 25.e5 Bg5 26.Raa3 gxh3 27.gxh3 b6 28.Kh2 Ba6 29.Rf3 Raf8
30.Qf2 Bh4 31.Nf4 f5 32.d5 exd5 33.Qd4 Rg7 34.Ngh5 Rgf7 35.Rae3 Kg8 36.e6 dxe6
37.Rxe6 Bf6 38.Rg3 Kh8 39.Nxf6 Rxf6 40.Nxd5 1-0

[Event "Cto. Navarra Absoluto Individual 2019"]
[Site "Pamplona"]
[Date "2019.04.14"]
[Round "2"]
[White "Huerga Leache, Mikel"]
[Black "Aldave Aguado, Adrian"]
[Result "1-0"]
[EventDate "2019.04.??"]
[EventCountry "ESP"]
[EventType "swiss"]
[EventRounds "7"]
[WhiteElo "2448"]
[BlackElo "1945"]
[Source "FNA"]
[SourceDate "2019.04.21"]
[SourceTitle "FNA"]

1.e4 e6 2.d4 d5 3.Nc3 Nf6 4.Bg5 Bb4 5.exd5 exd5 6.Qf3 h6 7.Bxf6 Qxf6 8.Qxf6 gxf6
9.Bd3 Nc6 10.Nge2 Be6 11.O-O-O O-O-O 12.a3 Bxc3 13.bxc3 Rhg8 14.Nf4 Ne7 15.Rde1
Kd7 16.g3 Rh8 17.Re3 c6 18.Rhe1 Nc8 19.Nxe6 fxe6 20.Rxe6 Rhf8 21.Bf5 Kc7 22.g4
Nd6 23.Re7 Kb6 24.Rh7 Rh8 25.Ree7 h5 26.gxh5 1-0

[Event "Cto. Navarra Absoluto Individual 2019"]
[Site "Pamplona"]
[Date "2019.04.14"]
[Round "2"]
[White "Roldan Marques, Daniel"]
[Black "Ortin Blanco, Ainhoa"]
[Result "1-0"]
[EventDate "2019.04.??"]
[EventCountry "ESP"]
[EventType "swiss"]
[EventRounds "7"]
[WhiteElo "2171"]
[BlackElo "1861"]
[Source "FNA"]
[SourceDate "2019.04.21"]
[SourceTitle "FNA"]

1.d4 Nf6 2.c4 e6 3.Nf3 d5 4.g3 c5 5.cxd5 Nxd5 6.e4 Nb4 7.a3 N4a6 8.d5 exd5
9.exd5 Bd6 10.Bg2 O-O 11.O-O Nc7 12.Nc3 Re8 13.Ng5 Bf5 14.g4 Bg6 15.f4 h6 16.f5
Bh7 17.Nxh7 Kxh7 18.g5 Qe7 19.f6 Qf8 20.fxg7 Qxg7 21.Ne4 Be5 22.Qh5 Kg8 23.Nf6
Bxf6 24.gxf6 Qh7 25.Bxh6 Nb5 26.Qg4 Kh8 27.Bg7 Kg8 28.Rf3 1-0

[Event "Cto. Navarra Absoluto Individual 2019"]
[Site "Pamplona"]
[Date "2019.04.14"]
[Round "2"]
[White "Abrisqueta Zudaire, Leyre"]
[Black "Sevilla Subiza, Javier"]
[Result "1/2-1/2"]
[EventDate "2019.04.??"]
[EventCountry "ESP"]
[EventType "swiss"]
[EventRounds "7"]
[WhiteElo "2023"]
[BlackElo "2087"]
[Source "FNA"]
[SourceDate "2019.04.21"]
[SourceTitle "FNA"]

1.d4 d5 2.Bf4 c5 3.e3 Nc6 4.c3 Nf6 5.Nd2 Qb6 6.Qb3 c4 7.Qxb6 axb6 8.a3 b5 9.Rc1
Bf5 10.Be2 Nd7 11.Bf3 e5 12.Bg3 exd4 13.exd4 Nb6 14.Bd1 O-O-O 15.Ne2 h5 16.Nf3
f6 17.h4 Bd6 18.O-O Rhe8 19.Bxd6 Rxd6 20.Nf4 Bd3 21.Re1 Rdd8 22.Bc2 Rxe1 23.Nxe1
Bxc2 24.Nxc2 Na4 25.Rb1 g5 26.hxg5 fxg5 27.Nxh5 Na5 28.Ne3 Nb3 29.Nf6 Nd2 30.Re1
Nb3 31.Nd1 Rd6 32.Ng4 Nc1 33.Ne5 Nb6 34.Ne3 Nd3 35.Nxd3 cxd3 36.Rd1 Nc4 37.Rxd3
Nxb2 38.Rd2 Nc4 39.Ra2 Kd7 40.Kf1 Ke6 41.Ke2 Ra6 42.Nc2 Kd6 43.Kd3 Ra8 44.Ra1
Nb2 45.Kd2 Nc4 46.Kd3 Nb2 47.Kd2 Nc4 48.Kd3 1/2-1/2

[Event "Cto. Navarra Absoluto Individual 2019"]
[Site "Pamplona"]
[Date "2019.04.14"]
[Round "2"]
[White "Habans Aguerrea, Javier"]
[Black "Garralda Ruiz, Ander"]
[Result "1/2-1/2"]
[EventDate "2019.04.??"]
[EventCountry "ESP"]
[EventType "swiss"]
[EventRounds "7"]
[WhiteElo "2057"]
[BlackElo "1811"]
[Source "FNA"]
[SourceDate "2019.04.21"]
[SourceTitle "FNA"]

1.d4 Nf6 2.Bg5 Ne4 3.Bf4 c5 4.f3 Qa5 5.c3 Nf6 6.d5 e6 7.e4 exd5 8.exd5 d6 9.Na3
Be7 10.Nc4 Qc7 11.Ne2 O-O 12.Ng3 Re8 13.Be2 Nbd7 14.Nf5 Ne5 15.Nxe7 Qxe7 16.Bxe5
dxe5 17.O-O b5 18.Ne3 c4 19.d6 Qe6 20.a4 Ba6 21.axb5 Bxb5 22.b3 Red8 23.Bxc4
Bxc4 24.Nxc4 Ne8 25.Ra6 Qc8 26.Ra5 Qc6 27.Qd5 Qxd5 28.Rxd5 f6 29.f4 exf4 30.Re1
Rd7 31.Red1 Rad8 32.Kf2 Kf7 33.Kf3 g5 34.h4 h6 35.hxg5 hxg5 36.Kg4 Ke6 37.Rf5
Nxd6 38.Re1 Kf7 39.Ne5 Kg7 40.Nxd7 Nxf5 41.Nc5 Ne3 42.Kf3 Rd2 43.Ne4 Rb2 44.Ra1
Rxb3 45.Rxa7 Kg6 46.g3 Nd5 47.gxf4 Nxc3 48.Nc5 Nb5 1/2-1/2

[Event "Cto. Navarra Absoluto Individual 2019"]
[Site "Pamplona"]
[Date "2019.04.14"]
[Round "2"]
[White "Malon Insausti, Andres"]
[Black "Huarte Zozaya, Aitor"]
[Result "0-1"]
[EventDate "2019.04.??"]
[EventCountry "ESP"]
[EventType "swiss"]
[EventRounds "7"]
[WhiteElo "1854"]
[BlackElo "2031"]
[Source "FNA"]
[SourceDate "2019.04.21"]
[SourceTitle "FNA"]

1.Nf3 Nf6 2.c4 e6 3.g3 d5 4.b3 Be7 5.Bb2 O-O 6.Bg2 b6 7.O-O Bb7 8.d4 Nbd7 9.Nbd2
Re8 10.a3 a5 11.Qc2 Rc8 12.Rac1 Bd6 13.Bh3 Qe7 14.a4 c6 15.Ne5 Nb8 16.e4 Bb4
17.exd5 cxd5 18.Qd1 Ba6 19.Re1 Ne4 20.Nef3 f5 21.Re3 Qf6 22.Nxe4 fxe4 23.Ne5 Rf8
24.f4 Qh6 25.Kg2 Nc6 26.Nd7 Rfd8 27.Nxb6 Rb8 28.cxd5 exd5 29.Nd7 Bc8 30.Rxc6
Qxc6 31.Nxb8 Bxh3 32.Kxh3 Rxb8 33.Bc1 Qc8 34.Kg2 Rb6 35.Bd2 Rh6 36.h4 Rc6
37.Bxb4 axb4 38.Re2 Rc1 39.Qd2 Rc3 40.Qa2 Qg4 41.Kf1 Qf3 42.Ke1 Rc1 43.Kd2 Qc3
0-1

[Event "Cto. Navarra Absoluto Individual 2019"]
[Site "Pamplona"]
[Date "2019.04.14"]
[Round "2"]
[White "Sola Plaza, Gregorio"]
[Black "Narciso Dublan, Marc"]
[Result "0-1"]
[EventDate "2019.04.??"]
[EventCountry "ESP"]
[EventType "swiss"]
[EventRounds "7"]
[WhiteElo "1806"]
[BlackElo "2491"]
[Source "FNA"]
[SourceDate "2019.04.21"]
[SourceTitle "FNA"]

1.e4 e6 2.d4 d5 3.exd5 exd5 4.Nf3 Nf6 5.Bd3 Be7 6.O-O Bg4 7.Bg5 O-O 8.Nbd2 h6
9.Bh4 Nc6 10.c3 Nh5 11.Bxe7 Qxe7 12.Qb3 Qd6 13.Rfe1 Nf4 14.Bf1 Rae8 15.Kh1 b6
16.Re3 Re6 17.Qa4 a5 18.Ne5 f5 19.Nxc6 Qxc6 20.Qxc6 Rxc6 21.Nf3 Bxf3 22.Rxf3 Ne6
23.Re3 Rd6 24.Rae1 Kf7 25.f3 Kf6 26.Bd3 g6 27.Kg1 c5 28.dxc5 bxc5 29.Rd1 Rfd8
30.Bc2 h5 31.Kf2 h4 32.g3 hxg3 33.hxg3 Rh8 34.Bb3 f4 35.gxf4 Nxf4 36.Ree1 Rb6
37.Rh1 Rxh1 38.Rxh1 c4 39.Ba4 Rxb2 40.Ke3 Ke5 0-1

[Event "Cto. Navarra Absoluto Individual 2019"]
[Site "Pamplona"]
[Date "2019.04.14"]
[Round "2"]
[White "Del Carmen Hernandez, Aimer"]
[Black "Garisoain Ardanaz, Alvaro"]
[Result "1-0"]
[EventDate "2019.04.??"]
[EventCountry "ESP"]
[EventType "swiss"]
[EventRounds "7"]
[WhiteElo "1895"]
[BlackElo "1688"]
[Source "FNA"]
[SourceDate "2019.04.21"]
[SourceTitle "FNA"]

1.Nf3 Nf6 2.d4 d5 3.e3 c6 4.Bd3 Bg4 5.Nbd2 Nbd7 6.c3 e5 7.h3 Bxf3 8.gxf3 g6
9.Nb3 Bg7 10.e4 O-O 11.Bg5 Qc7 12.Qd2 Rfe8 13.O-O-O exd4 14.Nxd4 dxe4 15.fxe4
Nxe4 16.Bxe4 Rxe4 17.Nxc6 Nc5 18.f3 Ree8 19.Nd4 Qa5 20.Kb1 Na4 21.h4 Qb6 22.h5
Rac8 23.Ka1 Rc4 24.hxg6 hxg6 25.f4 Bxd4 26.cxd4 Rxd4 27.Qxd4 1-0

[Event "Cto. Navarra Absoluto Individual 2019"]
[Site "Pamplona"]
[Date "2019.04.14"]
[Round "2"]
[White "Fuertes Cirauqui, Pablo"]
[Black "Oroz Carrasco, Adrian"]
[Result "1-0"]
[EventDate "2019.04.??"]
[EventCountry "ESP"]
[EventType "swiss"]
[EventRounds "7"]
[WhiteElo "1811"]
[BlackElo "1506"]
[Source "FNA"]
[SourceDate "2019.04.21"]
[SourceTitle "FNA"]

1.e4 c5 2.Nc3 e6 3.g3 Nc6 4.Bg2 Nf6 5.d3 Be7 6.f4 d5 7.e5 Nd7 8.Nf3 a6 9.O-O b5
10.d4 Bb7 11.Be3 cxd4 12.Nxd4 Qb6 13.Nf5 Bc5 14.Nd6 Ke7 15.Bxc5 Qxc5 16.Kh1 Rab8
17.Qg4 g6 18.Rae1 Nd4 19.Qh4 Kf8 20.Rc1 h5 21.a3 Nf5 22.Nxf5 exf5 23.Rcd1 d4
24.Bxb7 Rxb7 25.Ne2 Qxc2 26.Nxd4 Qe4 27.Nf3 Kg7 28.Qe7 Nb8 29.Qf6 Kh7 30.Kg1 Qe3
31.Rf2 Rf8 32.e6 Qb3 33.Re1 Re8 34.Ng5 Kh6 35.Nxf7 Rxf7 36.Qxf7 Rc8 37.Qf6 Nc6
38.e7 Qg8 39.Re6 Nd4 40.e8=Q Rxe8 41.Rxe8 Nf3 42.Rxf3 Qxe8 43.Qe5 Qd8 44.Rd3 Qb6
45.Qd4 1-0